Género, clase y raza en América Latina: algunas aportaciones /

Uloženo v:
Podrobná bibliografie
Hlavní autor: Luna, Lola G.
Další autoři: comp
Médium: Text
Vydáno: Barcelona: Universitat de Barcelona
Témata:
Tagy: Přidat tag
Žádné tagy, Buďte první, kdo vytvoří štítek k tomuto záznamu!

MARC

LEADER 00000 a a2200000 04500
001 18591
003
040
090 |a 143700  
100 |a Luna, Lola G.  
245 |a Género, clase y raza en América Latina: algunas aportaciones /  |c Lola G. Luna  
260 |a Barcelona:   |b Universitat de Barcelona  
300 |a 204 p.  
650 |a MUJERES  
650 |a DERECHOS DE LA MUJER  
650 |a SOCIALIZACION  
650 |a ORGANIZACIONES FEMENINAS  
700 |a comp  
999 |c 17204  |d 17204